000 01007cam a2200205 4500
001 WB3913-01
008 030331n2003 000 0 eng u
035 _a(Sirsi) u121826
245 _aConstruction stands firm
260 _c2003
490 _aRICS Press Release
_v(pr025) 1 April 2003 (1)
520 _aThe UK building industry remains healthy despite the economic slump, thanks mainly to government spending but also to an increase in house building, refurbishment and extensions, according to the "RICS construction market survey United Kingdom" for the first quarter 2003. Press release at http://www.rics.org/ricscms/bin/show?class=PressRelease&template=/includes/showpr.html&id=893; survey at http://www.rics.org/ricscms/bin/show?class=MarketSurvey&template=/includes/showmarketsurvey.html&id=52.
590 _aWB
650 _aCONSTRUCTION INDUSTRY
650 _aHOUSE BUILDING MARKET
650 _aGOVERNMENT SPENDING
650 _aSURVEYS
690 _aBUILT ENVIRONMENT
942 _n0
999 _c72393
_d72393